000 00752nam a2200277 a 4500
005 20150217101636.0
008 140225b1997 ck ||||| |||| 00| 0 spa d
040 _aCO-BoIAVH
_cCO-BoIAVH
041 _aspa
044 _ack
082 0 4 _a333.9568612
_bG18p
090 _aLB
_b01047
100 _aGalvis, Germán
_910556
245 _aPeces del Catatumbo
260 _aBogotá
_bEcopetrol
_bOxy
_bShell
_c1997
300 _a118 p.
650 _aPeces
_933078
650 _aRecursos hídricos
_933079
650 _aBiogeografía
_933080
650 _aTaxonomía
_933081
650 _aEcología
_933082
650 _aRecursos pesqueros
_933083
700 _aMojica, José Iván
_94604
700 _aCamargo, Mauricio
_910563
942 _cLIBRO
_2ddc
_01
999 _c1058
_d1058